Sociálna saturovanosť ľudí v produktívnom a postproduktívnom veku

Sledované sociálnodemografické premenné a ich vplyv na mieru osamelosti a sociálnej saturovanosti seniorov a ľudí v produktívnom veku. Dôležité sociálne faktory, ktoré ovplyvňujú život staršieho človeka.

Uložené v:
Podrobná bibliografia
Hlavný autor: Búgelová - Dubayová, Taťjana
Ďalší autori: Božoňová, Martina, Kravčáková, Gabriela
Médium: Kapitola
Jazyk:Slovak
Predmet:
Tagy: Pridať tag
Žiadne tagy, Buďte prvý, kto otaguje tento záznam!

MARC

LEADER 00000nla a2200000 4500
001 0160799
005 20250514142016.0
041 0 |a slo 
044 |a SK 
245 1 0 |a Sociálna saturovanosť ľudí v produktívnom a postproduktívnom veku  |c Taťjana Búgelová - Dubayová, Martina Božoňová, Gabriela Kravčáková 
520 |a Sledované sociálnodemografické premenné a ich vplyv na mieru osamelosti a sociálnej saturovanosti seniorov a ľudí v produktívnom veku. Dôležité sociálne faktory, ktoré ovplyvňujú život staršieho človeka. 
610 2 0 |a demografia ekonomická 
610 2 0 |a demografia sociálna 
610 2 0 |a skupiny vekové 
610 2 0 |a starnutie populácie 
610 2 0 |a vek produktívny 
610 2 0 |a vek postproduktívny 
610 2 0 |a inklúzia 
100 1 |a Búgelová - Dubayová, Taťjana 
700 1 |a Božoňová, Martina 
700 1 |a Kravčáková, Gabriela